[Event "Vojvodina op 15th"]
[Site "Novi Sad"]
[Date "2025.06.29"]
[Round "5"]
[White "Atharv, Bansal"]
[Black "Janturin, Artur"]
[Result "0-1"]
[WhiteElo "2008"]
[BlackElo "2361"]
[PlyCount "112"]
[EventDate "2025.06.25"]
[EventType "swiss"]
[EventRounds "9"]
[EventCountry "SRB"]
[SourceTitle "CB27_2025"]
[SourceDate "2025.07.02"]
[SourceVersion "1"]
[SourceVersionDate "2025.07.02"]
[SourceQuality "1"]

1. e4 c5 2. Nf3 e6 3. d4 cxd4 4. Nxd4 a6 5. Nc3 Qc7 6. a3 Nf6 7. Be2 Nc6 8. Be3 Be7 9. 0-0 0-0 10. f4 d6 11. Qe1 Bd7 12. Kh1 b5 13. Qg3 Nxd4 14. Bxd4 Bc6 15. Rae1 Qb7 16. Bf3 Rad8 17. Nd1 a5 18. Nf2 g6 19. Ng4 Nxg4 20. Qxg4 d5 21. exd5 Bxd5 22. c3 b4 23. axb4 axb4 24. Qh3 Rfe8 25. Re3 Bxf3 26. Rexf3 Rd5 27. Be5 Bf8 28. Rd3 bxc3 29. Bxc3 Bg7 30. Rxd5 Qxd5 31. Qf3 Bxc3 32. Qxd5 exd5 33. bxc3 Rc8 34. Rc1 Rc4 35. g3 d4 36. Kg2 dxc3 37. Kf3 Kg7 38. Ke3 Kf6 39. h3 Ke6 40. Kd3 Kd5 41. Kc2 Ke4 42. Re1+ Kf3 43. Re7 f5 44. Rxh7 Kxg3 45. Rh6 Rc6 46. h4 Kxf4 47. Kd1 c2+ 48. Kc1 Kg4 49. h5 Kg5 50. Rxg6+ Rxg6 51. hxg6 Kxg6 52. Kxc2 Kg5 53. Kd2 Kf4 54. Ke2 Kg3 55. Kf1 Kf3 56. Kg1 Ke2 0-1

[Event "Muscat-ch op"]
[Site "Muscat"]
[Date "2024.12.31"]
[Round "9"]
[White "Poormosavi, Seyed Kanan"]
[Black "Atharv, Bansal"]
[Result "1/2-1/2"]
[WhiteElo "2090"]
[BlackElo "1896"]
[PlyCount "82"]
[EventDate "2024.12.26"]
[EventType "swiss"]
[EventRounds "9"]
[EventCountry "OMN"]
[SourceTitle "CB01_2025"]
[SourceDate "2025.01.01"]
[SourceVersion "1"]
[SourceVersionDate "2025.01.01"]
[SourceQuality "1"]

1. d4 d5 2. c4 e6 3. Nc3 Nf6 4. cxd5 exd5 5. Bg5 Be7 6. e3 0-0 7. Bd3 Nbd7 8. h3 c5 9. dxc5 Nxc5 10. Nf3 Be6 11. 0-0 h6 12. Bf4 Nfe4 13. Nb5 Nxd3 14. Qxd3 a6 15. Nbd4 Bd6 16. Bxd6 Qxd6 17. Rfd1 Rfd8 18. Rac1 Rac8 19. Ne2 Rxc1 20. Rxc1 Rc8 21. Rd1 Qc5 22. Nfd4 Qe7 23. Nf4 Qf6 24. Qe2 Nd6 25. Qe1 Nf5 26. Nfe2 Ne7 27. Rc1 Nc6 28. Nxc6 Rxc6 29. Nd4 Rxc1 30. Qxc1 Qd8 31. Qc5 Qc8 32. Qxc8+ Bxc8 33. Kf1 Kf8 34. Ke2 Ke7 35. Kd3 Kd6 36. b4 Bd7 37. g4 g6 38. f3 b6 39. h4 g5 40. hxg5 hxg5 41. Kc3 Bc8 1/2-1/2

[Event "Muscat-ch op"]
[Site "Muscat"]
[Date "2024.12.28"]
[Round "4"]
[White "Atharv, Bansal"]
[Black "Hussein, Siddig Mohamed"]
[Result "1-0"]
[WhiteElo "1896"]
[BlackElo "1703"]
[PlyCount "63"]
[EventDate "2024.12.26"]
[EventType "swiss"]
[EventRounds "9"]
[EventCountry "OMN"]
[SourceTitle "CB01_2025"]
[SourceDate "2025.01.01"]
[SourceVersion "1"]
[SourceVersionDate "2025.01.01"]
[SourceQuality "1"]

1. e4 d6 2. d4 Nf6 3. Bd3 Nbd7 4. Nf3 e5 5. c3 Be7 6. 0-0 c6 7. Nbd2 h6 8. Re1 Qc7 9. Nf1 Nf8 10. Ng3 Ng6 11. Nf5 Bxf5 12. exf5 Nf8 13. dxe5 dxe5 14. Nxe5 0-0-0 15. Nxf7 N8h7 16. Nxh8 Rxh8 17. h3 Bd6 18. Be3 Kb8 19. Qa4 b6 20. Be2 Nd5 21. Bf3 Nhf6 22. Bd4 Rc8 23. Rad1 Kb7 24. c4 Ne7 25. c5 bxc5 26. Bxf6 gxf6 27. Qb3+ Ka8 28. Qe6 Rd8 29. Rxd6 Rxd6 30. Qxe7 Rd7 31. Qxc5 Kb7 32. Qb5+ 1-0

[Event "Asia-ch Amateur"]
[Site "Muscat"]
[Date "2022.10.04"]
[Round "8"]
[White "Rafee, Mohd Hayel"]
[Black "Atharv, Bansal"]
[Result "0-1"]
[WhiteElo "1941"]
[BlackElo "1164"]
[PlyCount "66"]
[EventDate "2022.09.29"]
[EventType "swiss"]
[EventRounds "9"]
[EventCountry "OMN"]
[SourceTitle "CBM 210 Extra"]
[Source "ChessBase"]
[SourceDate "2022.11.30"]
[SourceVersion "1"]
[SourceVersionDate "2022.11.30"]
[SourceQuality "1"]

1. e4 c5 2. Nf3 e6 3. d4 cxd4 4. Nxd4 a6 5. Bd3 Qc7 6. 0-0 Nf6 7. c3 b5 8. a4 bxa4 9. e5 Qxe5 10. Nd2 Bb7 11. Nc4 Qc7 12. Re1 Nc6 13. Nf5 d5 14. Qxa4 dxc4 15. Bxc4 Ng4 16. Bxe6 Qxh2+ 17. Kf1 Qh1+ 18. Ke2 Qxg2 19. Bxf7+ Kxf7 20. Qc4+ Kf6 21. Be3 Nce5 22. Qc7 Qf3+ 23. Kd2 Qxf5 24. Bd4 Qd3+ 25. Kc1 Be4 26. Qb6+ Kg5 27. f4+ Kxf4 28. Bxe5+ Nxe5 29. Qf2+ Nf3 30. Re2 Rd8 31. Qf1 Bc5 32. Rxe4+ Qxe4 33. b3 Qe3+ 0-1